000 00528nam a2200181Ia 4500
005 20250508151244.0
008 008 250505s9999 xx 000 0 eng d
037 _aBooks to be hide in OPAC
040 _aFEDL
_beng
_cFEDL
041 _aeng
_2eng
084 _a745.07, GLE/O
_qFEDL
100 _aGlenister S H
_9758535
245 0 _aTechnique of handicraft teaching
260 _aLondon, UK
_bGeorge G. Harrap and Co. Ltd
_c1953
300 _a157p.
942 _cHB
_h745.07, GLE/O
999 _c1328666
_d1328666